Elementary differential equations: principles, problems and solutions
Sparad:
| Huvudupphovsmän: | , |
|---|---|
| Materialtyp: | Bok |
| Språk: | engelska |
| Publicerad: |
Nueva York
W. A. Benjamin
1968
|
| Ämnen: | |
| Taggar: |
Lägg till en tagg
Inga taggar, Lägg till första taggen!
|
MARC
| LEADER | 00000cam a2200000 a 4500 | ||
|---|---|---|---|
| 001 | UCF2461 | ||
| 003 | CL-VaPUC | ||
| 008 | 120824e19680000US |||||||||||||||||eng|d | ||
| 082 | 0 | 4 | |a 515.352 |b BRA |2 21 |
| 100 | 0 | |a Brauer, Fred |e author |9 564107 | |
| 700 | 0 | |a Nohel, John A |e author |9 564108 | |
| 245 | 1 | 0 | |a Elementary differential equations: principles, problems and solutions |
| 300 | |a 222 p | ||
| 942 | |c BK | ||
| 945 | |d 20120824 00:00:00 |a dcastane | ||
| 260 | |a Nueva York |b W. A. Benjamin |c 1968 | ||
| 650 | 0 | |a Ecuaciones diferenciales ordinarias |9 270041 | |
| 583 | |a last modification |c 20120824 12:41:00 |k Rodrigo Vera | ||
| 999 | |c 349022 |d 349020 | ||
| 952 | |0 0 |1 0 |4 0 |6 515_352000000000000_BRA_1968 |7 0 |8 A |9 451398 |a BIBMAT |b BIBMAT |d 2019-11-22 |i 4889134 |o 515.352 BRA 1968 |p 4889134 |r 2025-01-07 |w 2019-11-22 |y BK |k MAT | ||